Science Quiz

Random Science Quiz

Autoimmune Diseases by Autoantibodies Quiz Stats

 Plays Quiz not verified by Sporcle

Challenge
Share
Tweet
Embed
Score 0/10 Timer 15:00
0 Plays Today
Autoantibody marker(s) Disease % Correct
Antinuclear, Anti-SS-A, Anti-Smith (Sm)Systemic lupus erythematosus
86.8%
Anti-TSHGraves' disease
85.7%
Anti-acetylcholine receptorMyasthenia gravis
77.1%
Antimicrosomal, AntithyroglobulinHashimoto's thyroiditis
72.5%
Anti-basement membraneGoodpasture's syndrome
70.7%
Anti-SS-A, Anti-SS-BSjogren's syndrome
56.8%
Anti-topoisomerase, AntinuclearSystemic sclerosis (scleroderma)
54.3%
AnticentromereCREST syndrome (limited sclerosis)
52.5%
AntihistoneDrug-induced lupus
43.9%
Anti-ribonucleoproteinMixed connective tissue disease (MCTD)
30.7%

You're not logged in!

Compare scores with friends on all Sporcle quizzes.
OR
Log In

You Might Also Like...

Show Comments

Extras

Created Oct 14, 2010ReportNominate
Tags:disease, marker, test

Top Quizzes Today


Score Distribution

Your Account Isn't Verified!

In order to create a playlist on Sporcle, you need to verify the email address you used during registration. Go to your Sporcle Settings to finish the process.

Report this User

Report this user for behavior that violates our Community Guidelines.

Details: